| 000 | 00667nam a22001937a 4500 | ||
|---|---|---|---|
| 005 | 20250120152023.0 | ||
| 010 | _aENG-143456 | ||
| 020 |
_c795.00 _a9788194799719 |
||
| 035 | _aEN-126988 | ||
| 037 | _bDBAD | ||
| 082 | _a796.03 | ||
| 100 |
_aBala, Dr. Suman _976777 |
||
| 245 |
_aFundamentals of Sports Management/ _cBy Dr. Suman Bala |
||
| 250 | _aFirst | ||
| 260 |
_bFriends Publications _c2020 _a101, 4787/23, Ansari Road, Daryaganj, New Delhi |
||
| 270 |
_bNew Delhi _a101, 4787/23, Ansari Road, Daryaganj, New Delhi _e110002 _k9811197091 _mfriendspublicationsindia@gmail.com |
||
| 300 |
_a129p. _c25cm (pbk) |
||
| 942 |
_2ddc _cEN _h796.03 _mBAL |
||
| 999 |
_c208615 _d208615 |
||